Physical Geography in Diagrams/ (Record no. 172469)

MARC details
000 -LEADER
fixed length control field 00595nam a22002057a 4500
005 - DATE AND TIME OF LATEST TRANSACTION
control field 20200205163356.0
010 ## - LCCN (DPL NO)
LC control number ENG-127652
020 ## - INTERNATIONAL STANDARD BOOK NUMBER
International Standard Book Number 9789353433758
Terms of availability 650.00
035 ## - SYSTEM CONTROL NUMBER
System control number EN-111184
037 ## - SOURCE OF ACQUISITION
Source of stock number/acquisition DBAD/PUB
082 ## - DEWEY DECIMAL CLASSIFICATION NUMBER
Classification number 551
100 ## - MAIN ENTRY--PERSONAL NAME
Personal name Bunnett,R.B
245 ## - TITLE STATEMENT
Title Physical Geography in Diagrams/
Remainder of title by R.B. Bunnett
250 ## - EDITION STATEMENT
Edition statement 4th.
260 ## - PUBLICATION, DISTRIBUTION, ETC. (IMPRINT)
Place of publication, distribution, etc Noida
Name of publisher, distributor, etc Pearson
Date of publication, distribution, etc 2019
270 ## - ADDRESS
City Noida
Address 15th floor,Tower-B,World Trade Tower,plot no.1,Block-c,sector 16
Postal code 201301
300 ## - PHYSICAL DESCRIPTION
Extent various pages
Other physical details 25cm(pbk)
500 ## - GENERAL NOTE
General note include index
942 ## - ADDED ENTRY ELEMENTS (KOHA)
Source of classification or shelving scheme Dewey Decimal Classification
Item type English Books
Classification part 551
Call number suffix BUN
Holdings
Withdrawn status Lost status Not for loan Collection code Home library Current library Date acquired Source of acquisition Cost, normal purchase price Full call number Barcode Copy number Cost, replacement price Koha item type
      Non-fiction Sarojini Nagar Sarojini Nagar 05/02/2020 DBAD/PUB 650.00 551 BUN EN-111184 1 650.00 English Books

© Delhi Public Library
Hit Counter
free hit counter